A képviseleti kormány

Elmentve itt :
Bibliográfiai részletek
Szerző: Mill, John Stuart
További közreműködők: Jánosi Ferencz
Adatforrás:Philobibl
Dokumentumtípus: Könyv
Nyelv:magyar
Kulcsszavak:társadalomelmélet
jogfilozófia
filozófia, angol
Megjelent: Pest Emich 1867
LEADER 00439nam a2200157 c 4500
001 bibPHI0034530
005 20200924123340.4
008 090520s1867 hu hun
100 1 |a Mill, John Stuart 
245 1 2 |a A képviseleti kormány  |c John Stuart Mill ; ford. Jánosi Ferencz 
260 |a Pest  |b Emich  |c 1867 
300 |a 350 p. 
695 |a társadalomelmélet 
695 |a jogfilozófia 
695 |a filozófia, angol 
700 1 |a Jánosi Ferencz